000
00319nam a2200133 a 4500
001
5819
003
CDMR
005
20130116135314.0
008
130130s ||||||||||||||||||||||||||||d
040
_a
CDMR
_b
cat
_c
CDMR
245
0
_a
National Geographic
_b
las mejores fotografías
260
_b
National Geographic
942
_c
MON
999
_c
5819
_d
5819